LEADER 01100nam a2200253 4500 001 000000367524 003 CaOOAMICUS 005 20260430104425.0 008 260429s2016 it 000 u ita r 020 $a978-88-15-26800-6 040 $aSeMil$bita 100 1 $aBrolis, Maria Teresa.$0(OLS)http://semarc/name/86021 245 10$aStorie di donne nel Medioevo /$cMaria Teresa Brolis ; prefazione di Franco Cardini. 264 1$aBologna :$bIl Mulino,$c2016. 300 $a170 p. ;$c22 cm 650 4$aDonna - Storia - Medioevo.$0(OLS)http://semarc/subject/40745 700 1 $aCardini, Franco,$d<1940- >.$0(OLS)http://semarc/name/321 850 $aSeMil 852 $aSeMil$W1$xVenegono$y1$m3T II 109$j271172$B258213$CSeMilBibl$Z2$F258213 $81 961 $aCaspani Maurizio - Lascito -- Con dedica dell'Autrice Maria Teresa Brolis 996 $6020$a978-88-15-26800-6$9(OLS)http://semarc/number/305791 996 $6245$aStorie di donne nel Medioevo$9(OLS)http://semarc/title/459480 996 $6264$aBologna :$bIl Mulino$9(OLS)http://semarc/publisher/29842